000
00255nmm a2200085Ia 4500
008
220120s9999||||xx |||||||||||||||||und||
100
_a
Digit
245
0
_a
April 2011 : Gragon age 2, muvizu design tools, full games,
260
_a
Nine dot nine interactive ltd.
999
_c
139670
_d
139670